Nennen Sie die Verben, die mit I beginnen - Statistiken

Allgemein
  • Dieses Quiz wurde 184 mal gespielt
    49 seit der letzten Aktualisierung
  • Das Durchschnittsergebnis liegt bei 11 aus 96
Antwortstatistiken
Antwort % Korrekt
irren
65%
interessieren
39%
irritieren
39%
intervenieren
37%
impfen
35%
informieren
33%
inhalieren
30%
interagieren
28%
isolieren
26%
imkern
26%
initiieren
26%
inserieren
26%
imitieren
24%
implizieren
24%
infiltrieren
24%
ignorieren
22%
illustrieren
22%
imponieren
22%
imponieren
22%
insistieren
22%
intrigieren
22%
idealisieren
20%
innehalten
20%
integrieren
20%
interviewen
20%
investieren
20%
imprägnieren
17%
indoktrinieren
17%
instrumentalisieren
17%
immunisieren
15%
implementieren
15%
importieren
15%
internieren
15%
ionisieren
15%
immatrikulieren
13%
indizieren
13%
innehaben
13%
instruieren
13%
identifizieren
11%
illuminieren
11%
immigrieren
11%
injizieren
11%
innewohnen
11%
installieren
11%
inszenieren
11%
interpretieren
11%
ideologisieren
9%
induzieren
9%
inspirieren
9%
inspizieren
9%
intonieren
9%
implodieren
7%
infizieren
7%
inhaftieren
7%
intensivieren
7%
internationalisieren
7%
inthronisieren
7%
irrlichtern
7%
industrialisieren
4%
inlineskaten
4%
internalisieren
4%
iahen
2%
improvisieren
2%
individualisieren
2%
initialisieren
2%
intendieren
2%
interpellieren
2%
interpolieren
2%
intubieren
2%
ironisieren
2%
irreführen
2%
indexieren
0%
indossieren
0%
ineinanderfließen
0%
ineinanderfügen
0%
ineinandergreifen
0%
ineinanderpassen
0%
ineinanderschieben
0%
inkorporieren
0%
inkriminieren
0%
innewerden
0%
inokulieren
0%
instabilisieren
0%
institutionalisieren
0%
instrumentieren
0%
interlektualisieren
0%
interpunktieren
0%
interrogieren
0%
inventarisieren
0%
irisieren
0%
irregehen
0%
irreleiten
0%
irremachen
0%
irrereden
0%
irrewerden
0%
irrwerden
0%
Keine übereinstimmenden Quizze gefunden
Verteilung der Resultate
Anzahl Personen mit jedem Resultat
Perzentil nach korrekt beantworteten Fragen
Ihre Resultats-Entwicklung
Sie haben dieses Quiz seit der letzten Aktualisierung nicht gespielt